Communication Skills (Record no. 8526)
[ view plain ]
| 000 -LEADER | |
|---|---|
| fixed length control field | 00310nam a22001217a 4500 |
| 008 - FIXED-LENGTH DATA ELEMENTS--GENERAL INFORMATION | |
| fixed length control field | 200316b ||||| |||| 00| 0 eng d |
| 100 ## - MAIN ENTRY--PERSONAL NAME | |
| Personal name | Kumar, Sanjay |
| 245 ## - TITLE STATEMENT | |
| Title | Communication Skills |
| 250 ## - EDITION STATEMENT | |
| Edition statement | 2nd |
| Remainder of edition statement | 2019 |
| 260 ## - PUBLICATION, DISTRIBUTION, ETC. (IMPRINT) | |
| Place of publication, distribution, etc | New Delhi |
| Name of publisher, distributor, etc | Oxford Publication |
| 650 ## - SUBJECT ADDED ENTRY--TOPICAL TERM | |
| Topical term or geographic name as entry element | Communication Skills |
| 942 ## - ADDED ENTRY ELEMENTS (KOHA) | |
| Source of classification or shelving scheme | Dewey Decimal Classification |
| Koha item type | Text Books |
| 942 ## - ADDED ENTRY ELEMENTS (KOHA) | |
| -- | 2 |
| Withdrawn status | Lost status | Source of classification or shelving scheme | Damaged status | Not for loan | Collection code | Home library | Current library | Date acquired | Source of acquisition | Currency | Cost, normal purchase price | Bill Number | Total Checkouts | Full call number | Acc. no. / Barcode | Date last seen | Date last borrowed | Copy number | Actual Cost, discounted price | Bill Date | Koha item type | Shelving location |
|---|---|---|---|---|---|---|---|---|---|---|---|---|---|---|---|---|---|---|---|---|---|---|
| Dewey Decimal Classification | B.Pharma | PIET C-LIBRARY | PIET C-LIBRARY | 06/01/2020 | Kirti Prakashan | IN Rupees | 650.00 | IN5972 | 4 | 658.45 KUC | BP61 | 17/09/2024 | 10/07/2024 | 1 | 442.00 | 06/01/2020 | Text Books | |||||
| Dewey Decimal Classification | B.Pharma | PIET C-LIBRARY | PIET C-LIBRARY | 06/01/2020 | Kirti Prakashan | IN Rupees | 650.00 | IN5972 | 1 | 658.45 KUC | BP62 | 10/03/2023 | 02/02/2023 | 2 | 442.00 | 06/01/2020 | Text Books | |||||
| Dewey Decimal Classification | B.Pharma | PIET C-LIBRARY | PIET C-LIBRARY | 06/01/2020 | Kirti Prakashan | IN Rupees | 650.00 | IN5972 | 3 | 658.45 KUC | BP63 | 30/04/2025 | 18/04/2025 | 3 | 442.00 | 06/01/2020 | Text Books | |||||
| Dewey Decimal Classification | B.Pharma | PIET C-LIBRARY | PIET C-LIBRARY | 06/01/2020 | Kirti Prakashan | IN Rupees | 650.00 | IN5972 | 658.45 KUC | BP64 | 16/03/2020 | 4 | 442.00 | 06/01/2020 | Reference Books | Ref. Sec. R07 |